| 000 -LEADER |
| fixed length control field |
00802pab a2200169 454500 |
| 008 - FIXED-LENGTH DATA ELEMENTS--GENERAL INFORMATION |
| fixed length control field |
180718b2015 xxu||||| |||| 00| 0 eng d |
| 100 ## - MAIN ENTRY--PERSONAL NAME |
| Personal name |
Thakur, R.N. |
| 245 ## - TITLE STATEMENT |
| Title |
Civil service training: The changing ahead ( note) |
| 260 ## - PUBLICATION, DISTRIBUTION, ETC. |
| Date of publication, distribution, etc. |
2015 |
| 300 ## - PHYSICAL DESCRIPTION |
| Extent |
p.730-735 |
| 362 ## - DATES OF PUBLICATION AND/OR SEQUENTIAL DESIGNATION |
| Dates of publication and/or sequential designation |
Oct-Dec |
| 520 ## - SUMMARY, ETC. |
| Summary, etc. |
Training is a process of socialisation and professionalisation of the Civil Service. While referring to the British and French civil service training, this article emphasises the civil service training in India, its changing need with reference to the emerging problems and challenges faced by the Indian society in which administrators act as change agents. - Reproduced. |
| 650 ## - SUBJECT ADDED ENTRY--TOPICAL TERM |
| Topical term or geographic name entry element |
Training |
| 650 ## - SUBJECT ADDED ENTRY--TOPICAL TERM |
| Topical term or geographic name entry element |
Civil service |
| 773 ## - HOST ITEM ENTRY |
| Main entry heading |
Indian Journal of Public Administration |
| 909 ## - |
| -- |
109781 |